000 00685nam a2200253Ia 4500
003 OSt
005 20220926011341.0
006 a|||||r|||| 00| 0
007 ta
008 220923b |||||||| |||| 00| 0 eng d
020 _a9780691117683
037 _cGeneral Book
040 _aRTL
_cRTL
_beng
041 _2eng
_aeng
082 _aX:(B), P7
100 _aOk Efe A
_9314014
245 0 _aReal analysis with economic applications
260 _aNew Jersey
_bPrinceton University Press
_c2007
300 _axxx. 802p
_ccm.
500 _aBibliography P 777-88
650 _aEconomics
942 _hX:(B), P7
_cGB
_2CC
999 _c619809
_d619809